Statistieken voor Landen via emoji's

Klik hier om de quiz te nemen!

Algemene statistieken

  • Deze quiz is 1.748 keer genomen
  • De gemiddelde score is 15 van 18

Antwoordstatistieken

Emoji'sLand% Correct
Frankrijk
99%
Italie
99%
Verenigd Koninkrijk
95%
Nederland
94%
Australie
94%
Verenigde Staten
93%
China
92%
Mexico
92%
Canada
91%
Duitsland
90%
Japan
90%
Griekenland
87%
Ierland
81%
Nieuw-Zeeland
76%
India
76%
Brazilie
68%
Zwitserland
60%
Chili
50%

Scoreverdeling

Percentiel versus Aantal Correcte Antwoorden

Procent van Mensen met Elke Score

Uw Scoregeschiedenis

U heeft deze quiz nog niet genomen